Statistiques concernant Un petit brin de poésie

Cliquez ici pour prendre le quiz!

Statistiques générales

  • Ce quiz a été pris 309 fois
  • Le résultat moyen est 8 sur 15

Statistiques - réponses

VersAuteur% Correct
C'est un trou de verdure où chante une rivièreArthur Rimbaud
88%
Les sanglots longs des violons de l'automne blessent mon coeur d'une langueur monotonePaul Verlaine
87%
Oh ! combien de marins, combien de capitaines Qui sont partis joyeux pour des courses lointainesVictor Hugo
87%
Là, tout n'est qu'ordre et beauté, Luxe, calme et voluptéCharles Baudelaire
79%
Sous le pont Mirabeau coule la Seine et nos amoursGuillaume Apollinaire
70%
Mignonne, allons voir si la rose Qui ce matin avait déclosePierre de Ronsard
68%
Heureux qui, comme Ulysse, a fait un beau voyage, Ou comme cestuy-là qui conquit la toisonJoachim du Bellay
55%
Un seul être vous manque et tout est dépeupléAlphonse de Lamartine
54%
Monsieur le Président je vous fais une lettre Que vous lirez peut-être Si vous avez le tempsBoris Vian
54%
Peindre d'abord une cage avec une porte ouverteJacques Prévert
49%
Je suis le Ténébreux, – le Veuf, – l’Inconsolé, / Le Prince d’Aquitaine à la Tour abolieGérard de Nerval
30%
Frères humains qui après nous vivez, N'ayez les coeurs contre nous endurcisFrançois Villon
26%
La chair est triste, hélas ! et j’ai lu tous les livresStéphane Mallarmé
26%
Je vis, je meurs : je me brûle et me noieLouise Labé
24%
J'aime le son du Cor, le soir, au fond des boisAlfred de Vigny
22%

Distribution des résultats

Percentile par nombre de réponses

% des personnes avec chaque résultat

Votre développement - résultats

Vous n’avez pas pris ce quiz